Name the Author (Philosophy) - Statistics

General Stats
  • This quiz has been taken 4,293 times
    930 since last reset
  • The average score is 22 of 68
Answer Stats
Work Author % Correct
Das Kapital Karl Marx
79%
The Republic Plato
78%
Thus Spoke Zarathustra Friedrich Nietzsche
74%
Critique of Practical Reason Immanuel Kant
71%
The Prince Niccolò Machiavelli
71%
The Stranger Albert Camus
70%
Critique of Pure Reason Immanuel Kant
67%
Leviathan Thomas Hobbes
63%
The Social Contract Jean-Jacques Rousseau
61%
The Second Sex Simone de Beauvoir
57%
The Wealth of Nations Adam Smith
54%
Discourse on the Method René Descartes
54%
Utilitarianism John Stuart Mill
53%
Nicomachean Ethics Aristotle
52%
Beyond Good and Evil Friedrich Nietzsche
51%
Candide Voltaire
50%
Phenomenology of Spirit Georg Wilhelm Friedrich Hegel
48%
Phaedrus Plato
47%
Meditations Marcus Aurelius
45%
Poetics Aristotle
43%
Metaphysics Aristotle
43%
Summa Theologica Thomas Aquinas
43%
Being and Time Martin Heidegger
41%
Tao Te Ching Lao Tzu
39%
The Antichrist Friedrich Nietzsche
37%
Being and Nothingness Jean-Paul Sartre
37%
Tractatus Logico-Philosophicus Ludwig Wittgenstein
37%
Apology Plato
37%
The City of God Saint Augustine
37%
The World as Will and Representation Arthur Schopenhauer
36%
On Liberty John Stuart Mill
33%
Discipline and Punish Michel Foucault
31%
Fear and Trembling Søren Kierkegaard
31%
An Enquiry Concerning Human Understanding David Hume
29%
Groundwork of the Metaphysic of Morals Immanuel Kant
29%
Two Treatises of Government John Locke
29%
An Essay Concerning Human Understanding John Locke
28%
A Treatise of Human Nature David Hume
27%
A History of Western Philosophy Bertrand Russell
26%
A Theory of Justice John Rawls
25%
Gender Trouble Judith Butler
25%
The German Ideology Karl Marx
25%
Monadology Gottfried Leibniz
24%
A Vindication of the Rights of Woman Mary Wollstonecraft
23%
Discourse on the Origin of Inequality Jean-Jacques Rousseau
22%
The Ethics: Concerning God Baruch Spinoza
21%
The Philosophy of History Georg Wilhelm Friedrich Hegel
18%
Tractatus Theologico-Politicus Baruch Spinoza
17%
Zadig Voltaire
17%
Novum Organum Francis Bacon
16%
The Human Condition Hannah Arendt
16%
The Logic of Scientific Discovery Karl Popper
16%
On the Shortness of Life Seneca
14%
Negative Dialetics Theodor Adorno
13%
The Ethics of Ambiguity Simone de Beauvoir
12%
A Treatise Concerning the Principles of Human Knowledge George Berkeley
10%
The Art of Happiness Epicurus
9%
The Incoherence of the Incoherence Ibn Rushd | Averroes
8%
De Cive Thomas Hobbes
8%
Zhuangzi Zhuang Zhou
8%
The Book of Healing Ibn Sina | Avicenna
7%
Incoherence of the Philosophers Al-Ghazali | Algazel
5%
An Introduction to the Principles of Morals and Legislation Jeremy Bentham
5%
Finite and Eternal Being: An Attempt to an Ascent to the Meaning of Being Edith Stein
4%
Intention Elizabeth Anscombe
3%
The Views of the People of The Virtuous City Al-Farabi
1%
The Principles of the Most Ancient and Modern Philosophy Anne Conway | Viscountess Conway
1%
Treatise on Place Ibn al-Haytham | Alhazen
1%
No matching quizzes found
Score Distribution
Percent of People with Each Score
Percentile by Number Answered
Your Score History
You have not taken this quiz since the last reset